[Event "Interclubs Jeunes"]
[Site "Villepinte"]
[Date "21/12/2009"]
[Round "7.1"]
[White "Ollier, Milan"]
[Black "Giroyan, Gary"]
[Result "1-0"]
[WhiteElo "2117"]
[BlackElo "2181"]
[WhiteTeam "La Tour d'Auvergne"]
[BlackTeam "Cannes"]

1. e4 c5 2. Nf3 Nc6 3. Bb5 d6 4. O-O Bd7 5. c3 Nf6 6. Re1 a6 7. Bxc6 Bxc6 8. d4
Bxe4 9. Bg5 Bd5 10. Nbd2 cxd4 11. Bxf6 gxf6 12. c4 Bc6 13. Nxd4 Qd7 14. Qh5 Rg8
15. Nxc6 Qxc6 16. Ne4 Rg6 17. Qxh7 f5 18. Ng3 f4 19. Ne4 Bg7 20. Qg8+ Bf8 21.
Qh7 e6 22. Rad1 Rd8 23. Qh4 Be7 24. Qxf4 f5 25. Ng3 Kf7 26. Rd3 Rh8 27. b3 Rh4
28. Qf3 Qb6 29. Qe2 Qd8 30. Re3 e5 31. Nxf5 Rh8 32. Qf3 Ke8 33. Qxb7 Rhg8 34.
g3 Re6 35. Qxa6 Qd7 36. Nd4 Rh6 37. Qc6 Rh7 38. Qxd7+ Kxd7 39. Nb5 Rh3 40. Kg2
Rgh8 41. Rh1 Bd8 42. Rd3 R3h6 43. h4 Kc6 44. Rhd1 Be7 45. Nc3 Rg8 46. Kf1 Rf8
47. Nd5 Bd8 48. b4 Rh7 1-0

[Event "Interclubs Jeunes"]
[Site "Villepinte"]
[Date "21/12/2009"]
[Round "7.2"]
[White "Neri, Jean-Baptiste"]
[Black "Julien, Clement"]
[Result "1-0"]
[WhiteElo "2011"]
[BlackElo "1868"]
[WhiteTeam "Cannes"]
[BlackTeam "La Tour d'Auvergne"]

1. e4 e5 2. Nf3 Nc6 3. Bb5 a6 4. Ba4 d6 5. c3 f5 6. exf5 Bxf5 7. d4 e4 8. d5
exf3 9. dxc6 b5 10. Bb3 fxg2 11. Rg1 Qe7+ 12. Be3 Nf6 13. Nd2 Be4 14. Nxe4 Qxe4
15. Qe2 O-O-O 16. a4 Qxc6 17. axb5 axb5 18. Be6+ Kb8 19. Ra5 Nd7 20. Rxb5+ Nb6
21. Bd5 Qd7 22. Bxb6 Kc8 23. Be6 cxb6 24. Bxd7+ Kxd7 25. Qg4+ 1-0

[Event "Interclubs Jeunes"]
[Site "Villepinte"]
[Date "21/12/2009"]
[Round "7.3"]
[White "Valente, Alexandre"]
[Black "Lamard, Guillaume"]
[Result "0-1"]
[WhiteElo "1889"]
[BlackElo "2117"]
[WhiteTeam "La Tour d'Auvergne"]
[BlackTeam "Cannes"]

1. e4 e6 2. d4 d5 3. Nc3 Bb4 4. e5 c5 5. a3 Bxc3+ 6. bxc3 Qc7 7. Qg4 f5 8. Qh5+
g6 9. Qf3 Nc6 10. Ne2 Qa5 11. Kd1 Qa4 12. Qe3 cxd4 13. Nxd4 Nxd4 14. cxd4 Bd7
15. Rb1 Rc8 16. Bd3 b6 17. h4 h6 18. g4 Ne7 19. Rb4 Qa5 20. h5 g5 21. f4 Nc6
22. Rb1 Qa4 23. Bb2 gxf4 24. Qxf4 Ne7 25. g5 hxg5 26. Qxg5 Bb5 27. Bxb5+ Qxb5
28. h6 Kd7 29. h7 Rc4 30. Qg7 Rxc2 31. Kxc2 Qe2+ 32. Kc3 Rc8+ 0-1

[Event "Interclubs Jeunes"]
[Site "Villepinte"]
[Date "21/12/2009"]
[Round "7.4"]
[White "Haussernot, Cecile"]
[Black "Labrosse, Pierre-Henri"]
[Result "1-0"]
[WhiteElo "1949"]
[BlackElo "1676"]
[WhiteTeam "Cannes"]
[BlackTeam "La Tour d'Auvergne"]

1. e4 d5 2. Nc3 d4 3. Nce2 e5 4. d3 Nc6 5. g3 Bd6 6. Bg2 Nf6 7. Bg5 h6 8. Bxf6
Qxf6 9. Nf3 Be6 10. c3 O-O 11. O-O Rfd8 12. cxd4 exd4 13. Ne1 g5 14. f4 gxf4
15. gxf4 Bg4 16. e5 Nxe5 17. fxe5 Qxe5 18. Nf3 Bxf3 19. Rxf3 Qxh2+ 20. Kf1 Qh5
21. Qd2 Be5 22. Rh3 Qg5 23. Qxg5+ hxg5 24. Be4 Rab8 25. Kg2 Kg7 26. Rh5 f6 27.
Rh7+ Kf8 28. Bf5 Re8 29. Rah1 b6 30. b4 Rbd8 31. Bd7 Re7 32. Rh8+ Kg7 33. Rxd8
1-0

[Event "Interclubs Jeunes"]
[Site "Villepinte"]
[Date "21/12/2009"]
[Round "7.5"]
[White "Nord, Clara"]
[Black "Froment, Theophile"]
[Result "0-1"]
[WhiteElo "1340"]
[BlackElo "1834"]
[WhiteTeam "La Tour d'Auvergne"]
[BlackTeam "Cannes"]

1. e4 c5 2. Nf3 e6 3. Bb5 a6 4. Ba4 b5 5. Bb3 c4 6. Bxc4 bxc4 7. Qe2 Qc7 8. Na3
Bxa3 9. bxa3 Nf6 10. Bb2 Bb7 11. d3 Qa5+ 12. Nd2 c3 13. Bc1 cxd2+ 14. Qxd2
Qxd2+ 15. Bxd2 Nc6 16. Rb1 Bc8 17. Bc3 O-O 18. e5 Nd5 19. Rb3 Nxc3 20. Rxc3 Rb8
21. O-O Nxe5 22. d4 Nc6 23. Rd1 Re8 24. h3 Bb7 25. Rg3 Na5 26. h4 Bd5 27. Ra1
Nc4 28. h5 Nd2 0-1

[Event "Interclubs Jeunes"]
[Site "Villepinte"]
[Date "21/12/2009"]
[Round "7.6"]
[White "Meunier, Clement"]
[Black "Zounani, Yacine"]
[Result "1-0"]
[WhiteElo "1813"]
[BlackElo "1380"]
[WhiteTeam "Cannes"]
[BlackTeam "La Tour d'Auvergne"]

1. e4 c5 2. Nf3 d6 3. d4 cxd4 4. Nxd4 Nf6 5. Nc3 g6 6. Be3 Bg7 7. Bc4 Nc6 8.
Qd2 Nxd4 9. Bxd4 O-O 10. O-O-O a6 11. a3 b5 12. Bb3 Qa5 13. Kb1 Bd7 14. h3 b4
15. axb4 Qxb4 16. Rhe1 a5 17. Bxf6 Bxf6 18. Nd5 Qxd2 19. Nxf6+ exf6 20. Rxd2
Ra6 21. Red1 f5 22. e5 Bc6 23. Rxd6 Rfa8 24. Bc4 Rb6 25. Rd8+ Rxd8 26. Rxd8+
Kg7 27. Rd6 Bb5 28. Rxb6 Bxc4 29. g4 fxg4 30. hxg4 h6 31. f3 Kf8 32. Kc1 h5 33.
gxh5 gxh5 34. Rh6 Be2 35. Rxh5 Bxf3 36. Rf5 Bd5 37. Kd2 Ke7 38. Kd3 Ke6 39. Kd4
Ba2 40. Rf6+ Ke7 41. Ra6 Bb1 42. Kc3 Ba2 43. b3 1-0

[Event "Interclubs Jeunes"]
[Site "Villepinte"]
[Date "21/12/2009"]
[Round "7.1"]
[White "Saatdjian, Stephane"]
[Black "Domenech, Vianney"]
[Result "0-1"]
[WhiteElo "1991"]
[BlackElo "2050"]
[WhiteTeam "A.E.C.E."]
[BlackTeam "Montpellier"]

1. e4 d5 2. exd5 Qxd5 3. Nc3 Qa5 4. Bc4 Nf6 5. d3 Bg4 6. f3 Bd7 7. Bd2 Qb6 8.
Qe2 Nc6 9. O-O-O Nd4 10. Qe1 e6 11. Nge2 Bc5 12. Ne4 Nxe4 13. fxe4 Qd6 14. Nxd4
Bxd4 15. c3 b5 16. Bb3 Bb6 17. d4 O-O 18. Qh4 e5 19. dxe5 Qxe5 20. Bf4 Qe8 21.
Rhe1 Be6 22. Bc2 Qc8 23. g4 Bxg4 24. Rg1 h5 25. e5 Qe6 26. h3 Bxd1 27. Rxg7+
Kxg7 28. Qg5+ Kh8 0-1

[Event "Interclubs Jeunes"]
[Site "Villepinte"]
[Date "21/12/2009"]
[Round "7.2"]
[White "Thinon, Lucas"]
[Black "Msellek, Ilyass"]
[Result "1-0"]
[WhiteElo "1712"]
[BlackElo "1970"]
[WhiteTeam "Montpellier"]
[BlackTeam "A.E.C.E."]

1. d4 Nf6 2. Bf4 g6 3. Nf3 Bg7 4. e3 O-O 5. Be2 d6 6. O-O Nh5 7. Bg5 h6 8. Bh4
g5 9. Nfd2 Nf6 10. Bg3 Nc6 11. c4 e5 12. d5 Ne7 13. e4 Ne8 14. Nc3 f5 15. f3
Nf6 16. b4 f4 17. Bf2 h5 18. c5 Ne8 19. Rc1 Rf6 20. Nc4 Rg6 21. cxd6 cxd6 22.
Qa4 g4 23. Nb6 axb6 24. Qxa8 g3 25. hxg3 fxg3 26. Be3 Bh6 27. Bxh6 Rxh6 28. Bd1
h4 29. f4 exf4 30. Bg4 h3 31. Bxh3 b5 32. Ne2 Qb6+ 33. Kh1 Bd7 34. Nxf4 Kh7 35.
Qa5 Qd4 36. Qd8 Bxh3 37. Qxe7+ Ng7 38. Nxh3 Qd2 39. Qd7 Qe2 40. Rf7 1-0

[Event "Interclubs Jeunes"]
[Site "Villepinte"]
[Date "21/12/2009"]
[Round "7.3"]
[White "Ralaivao, Maxence"]
[Black "Agussol, Lucas"]
[Result "1-0"]
[WhiteElo "1803"]
[BlackElo "1526"]
[WhiteTeam "A.E.C.E."]
[BlackTeam "Montpellier"]

1. d4 e6 2. c4 f5 3. Nc3 Nf6 4. Nf3 d5 5. Bg5 Be7 6. e3 c6 7. Be2 O-O 8. O-O
Nbd7 9. cxd5 exd5 10. Bd3 Ne4 11. Bf4 Ndf6 12. Ne5 Nxc3 13. bxc3 Ne4 14. Bxe4
fxe4 15. Rb1 Bd6 16. Qa4 Bxe5 17. Bxe5 Qg5 18. c4 h5 19. Bf4 Qg6 20. Bg3 b6 21.
cxd5 cxd5 22. Rfc1 Qf5 23. Qd1 Ba6 24. Rc7 Rfc8 25. Rbc1 Bc4 26. Re7 Re8 27.
Rb7 Ba6 28. Rbc7 Bc4 29. Qa4 g5 30. Be5 1-0

[Event "Interclubs Jeunes"]
[Site "Villepinte"]
[Date "21/12/2009"]
[Round "7.4"]
[White "Allamel, Benjamin"]
[Black "Stark, Gabriel"]
[Result "0-1"]
[WhiteElo "1400"]
[BlackElo "1708"]
[WhiteTeam "Montpellier"]
[BlackTeam "A.E.C.E."]

1. d4 Nf6 2. c4 g6 3. Nc3 Bg7 4. Bf4 d6 5. Nf3 O-O 6. e3 Nbd7 7. Be2 c5 8. d5
Ne8 9. Qc2 Ndf6 10. O-O e5 11. dxe6 fxe6 12. Rad1 e5 13. Bxe5 Qe7 14. Bf4 Be6
15. Nb5 Bf5 16. Qb3 Ne4 17. Nd2 Be5 18. Bxe5 Qxe5 19. Nf3 Qe7 20. Nc3 N8f6 21.
Nd5 Nxd5 22. cxd5 g5 23. Nd2 Rf6 24. Nxe4 Bxe4 25. f3 Bg6 26. e4 Raf8 27. Bd3
g4 28. Be2 gxf3 29. gxf3 Bxe4 30. Qe3 Rxf3 31. Qd2 Qg7+ 32. Kh1 Rxf1# 0-1

[Event "Interclubs Jeunes"]
[Site "Villepinte"]
[Date "21/12/2009"]
[Round "7.5"]
[White "Stark, Antoine"]
[Black "Apap, Hugo"]
[Result "1-0"]
[WhiteElo "1676"]
[BlackElo "1530"]
[WhiteTeam "A.E.C.E."]
[BlackTeam "Montpellier"]

1. d4 d5 2. c4 c6 3. Nf3 Nf6 4. Nc3 e6 5. Bg5 Nbd7 6. e3 Be7 7. cxd5 cxd5 8.
Bd3 O-O 9. O-O b6 10. Qe2 Bb7 11. Rad1 Ne4 12. Bxe7 Qxe7 13. Bb1 f5 14. Qc2
Rac8 15. Ne5 Nxe5 16. dxe5 Nxc3 17. bxc3 Qc7 18. Rc1 Qxe5 19. Rfe1 Rc7 20. f4
Qf6 21. g4 Rfc8 22. gxf5 Rxc3 23. Qd2 exf5 24. a4 Qg6+ 25. Kf1 Qc6 26. Rcd1
Qxa4 27. Bxf5 Qc4+ 28. Kg1 Re8 29. Rc1 Rxc1 30. Rxc1 Qb3 31. Bc2 Qxe3+ 32. Qxe3
Rxe3 33. Kf2 Rc3 34. Bxh7+ Kxh7 35. Rxc3 Kg6 36. Rc7 Ba6 37. Rxa7 Bc4 38. Rb7
b5 39. Ke3 Kf6 40. h4 g6 41. Rh7 b4 42. Rb7 b3 43. Rb6+ Kg7 44. Kd4 Kf7 45. Ke5
Kg7 46. f5 gxf5 47. h5 Kh7 48. h6 Kg8 49. Kxf5 d4 50. Ke4 d3 51. Ke3 Kh7 52.
Kd2 b2 53. Rxb2 Kxh6 54. Kc3 Bf7 55. Kxd3 Bg6+ 56. Kd4 Kg5 57. Rf2 Kh6 58. Ke5
Kg7 59. Ke6 Bh5 60. Ke7 Kg6 61. Ke6 Bg4+ 62. Ke5 Bh3 63. Rf6+ Kg5 64. Rf8 Kg6
65. Kf4 Kg7 66. Rb8 Bg2 67. Rb6 Kf7 68. Ke5 Ke7 69. Rg6 Bf1 70. Rg7+ Kf8 71.
Kf6 Bb5 72. Rb7 Bc6 73. Rb8+ Be8 74. Rc8 Kg8 75. Rxe8+ Kh7 76. Kf7 Kh6 77. Re5
Kh7 78. Rh5# 1-0

[Event "Interclubs Jeunes"]
[Site "Villepinte"]
[Date "21/12/2009"]
[Round "7.6"]
[White "Arnaud-Audiffren, Alexandre"]
[Black "Boudia, Samy"]
[Result "0-1"]
[WhiteElo "1556"]
[BlackElo "1633"]
[WhiteTeam "Montpellier"]
[BlackTeam "A.E.C.E."]

1. d4 Nf6 2. Bf4 d6 3. e3 g6 4. Nf3 Bg7 5. Be2 O-O 6. O-O Nbd7 7. h3 c5 8. c3
b6 9. Nbd2 Bb7 10. Re1 Rc8 11. Rc1 Re8 12. Bb5 a6 13. Bxd7 Nxd7 14. e4 d5 15.
e5 e6 16. Bg5 Qc7 17. b4 Qb8 18. bxc5 bxc5 19. Rb1 Qa7 20. Qe2 cxd4 21. cxd4
Rc2 22. Rec1 Rec8 23. Rxc2 Rxc2 24. Qd1 Rc8 25. Qb3 Ba8 26. Qb4 h6 27. Be7 g5
28. Bd6 a5 29. Qb2 f6 30. Rc1 Bb7 31. Rc7 Rxc7 32. Bxc7 fxe5 33. Nxe5 Nxe5 34.
dxe5 Bc8 35. Qb6 Qxb6 36. Bxb6 Bxe5 37. Bxa5 Ba6 38. a3 Kf8 39. Nb3 Bd6 40. Bb4
Bxb4 41. axb4 e5 42. f3 Ke7 43. Kf2 Kd6 44. Na5 d4 45. Ke1 Kc7 46. Nb3 Kd6 47.
Na5 Kd5 48. g3 e4 49. Nb3 exf3 50. Kf2 Be2 51. Nd2 d3 52. b5 Kc5 53. Nxf3 Bxf3
54. Kxf3 Kxb5 55. Kf2 Kc4 56. Ke1 Kd4 57. Kd2 h5 58. Kd1 Ke4 59. Kd2 Kf3 60. h4
g4 61. Kxd3 Kxg3 62. Ke2 Kxh4 63. Kf2 g3+ 64. Kg2 Kg4 65. Kg1 h4 66. Kh1 h3 67.
Kg1 Kf3 68. Kh1 g2+ 0-1

[Event "Interclubs Jeunes"]
[Site "Villepinte"]
[Date "21/12/2009"]
[Round "7.7"]
[White "O'Sullivan, Thomas"]
[Black "Apap, Titouan"]
[Result "1-0"]
[WhiteElo "1840"]
[BlackElo "1440"]
[WhiteTeam "A.E.C.E."]
[BlackTeam "Montpellier"]

1. d4 d5 2. c4 c6 3. Nc3 Nf6 4. Bg5 Nbd7 5. Nf3 h6 6. Bh4 Ne4 7. e3 Ndf6 8. Bd3
Bf5 9. Bxf6 exf6 10. O-O Be7 11. Qc2 Qd7 12. cxd5 cxd5 13. Bb5 Nd6 14. Bxd7+
Kxd7 15. Qa4+ Kd8 16. Nxd5 b5 17. Qa5+ Ke8 18. Nc7+ Kf8 19. Nxa8 Bd3 20. Qc7
Bxf1 21. Qc8+ Ne8 22. Nc7 Kg8 23. Qxe8+ Kh7 24. Qxe7 Bc4 25. b3 Be6 26. d5 Bg4
27. Qxf7 Bxf3 28. Ne6 Rg8 29. gxf3 Kh8 30. Kh1 f5 31. Rg1 g6 32. Rxg6 Rxg6 33.
Qxg6 h5 34. Qg7# 1-0

[Event "Interclubs Jeunes"]
[Site "Villepinte"]
[Date "21/12/2009"]
[Round "7.8"]
[White "Boudia, Rayan"]
[Black "Barbe Asensio, Cyrielle"]
[Result "1-0"]
[WhiteElo "1460"]
[BlackElo "1300"]
[WhiteTeam "A.E.C.E."]
[BlackTeam "Montpellier"]

1. d4 b6 2. c4 Bb7 3. Nf3 e6 4. Nc3 d6 5. e4 Ne7 6. Be2 g6 7. Bg5 Bg7 8. O-O
O-O 9. Qd2 Re8 10. Bh6 Bh8 11. Ng5 e5 12. d5 Nd7 13. f4 Nf6 14. Qe1 Qd7 15. Qf2
Rac8 16. h3 Bg7 17. Bxg7 Kxg7 18. fxe5 Kg8 19. Qxf6 Rf8 20. Bg4 Qe8 21. Bxc8
Qxc8 22. Qxe7 dxe5 23. Rxf7 1-0

[Event "Interclubs Jeunes"]
[Site "Villepinte"]
[Date "21/12/2009"]
[Round "7.9"]
[White "Barbe Asensio, Cyrielle"]
[Black "O'Sullivan, Thomas"]
[Result "0-1"]
[WhiteElo "1300"]
[BlackElo "1840"]
[WhiteTeam "Montpellier"]
[BlackTeam "A.E.C.E."]

1. b3 e5 2. Bb2 Nc6 3. e3 d5 4. d3 Bd6 5. Nf3 Bg4 6. Be2 Nf6 7. Nbd2 Qd7 8. Rc1
O-O-O 9. O-O Rhe8 10. c4 Qe6 11. cxd5 Nxd5 12. e4 Nf4 13. Re1 h5 14. Nc4 Bb4
15. Rf1 Bxf3 16. Bxf3 Rxd3 17. Qc2 Rxf3 18. Rfd1 Qg4 19. Ne3 Nh3+ 20. Kh1 Nxf2+
21. Kg1 Nh3+ 22. Kh1 Rxe3 23. gxh3 Rxh3 24. Qg2 Qe6 25. Qxg7 f6 26. Rd7 Qxd7
27. Qxd7+ Kxd7 28. Rd1+ Ke6 0-1

[Event "Interclubs Jeunes"]
[Site "Villepinte"]
[Date "21/12/2009"]
[Round "7.2"]
[White "Jouanneau, Armand"]
[Black "Loiseau, Quentin"]
[Result "0-1"]
[WhiteElo "1815"]
[BlackElo "2185"]
[WhiteTeam "Toulouse C.E."]
[BlackTeam "Créteil"]

1. e4 e5 2. Nf3 Nc6 3. Bc4 Bc5 4. Nc3 a6 5. d3 d6 6. Be3 Ba7 7. h3 Nf6 8. Qd2
Be6 9. Bb3 Ne7 10. Ne2 Ng6 11. Ng3 d5 12. exd5 Bxd5 13. Bxd5 Qxd5 14. Bxa7 Rxa7
15. Qe3 c5 16. c4 Qe6 17. Qxc5 b6 18. Qe3 Rd7 19. O-O O-O 20. Rad1 Re8 21. Rfe1
Qc6 22. Ne4 Nh5 23. Nc3 Rd6 24. Nd5 Nhf4 25. Nxf4 Nxf4 26. Qe4 Qxe4 27. dxe4
Rg6 28. Nh4 Nxh3+ 29. Kf1 Rg4 30. gxh3 Rxh4 31. Rd3 Kf8 32. Rb3 Re6 33. Ree3
Ke7 34. Ke2 Rf4 35. Ra3 Ref6 36. f3 a5 37. c5 Rh4 38. cxb6 Rxb6 39. Rxa5 Rxb2+
40. Kd3 Kf6 41. Ra6+ Kg5 42. Ra5 f6 43. Re1 Kf4 44. Ra3 Rxh3 45. Rf1 Rxf3+ 46.
Rxf3+ Kxf3 47. Ra7 Rg2 48. a4 h5 49. a5 h4 50. a6 h3 51. Ra8 Ra2 52. Rh8 Kg2
53. Rh7 g5 54. a7 h2 55. a8=Q Rxa8 0-1

[Event "Interclubs Jeunes"]
[Site "Villepinte"]
[Date "21/12/2009"]
[Round "7.3"]
[White "Rouffignac, Tanguy"]
[Black "Dupouy, Francois"]
[Result "1-0"]
[WhiteElo "1885"]
[BlackElo "1813"]
[WhiteTeam "Créteil"]
[BlackTeam "Toulouse C.E."]

1. e4 e6 2. d4 d5 3. e5 c5 4. c3 Qb6 5. Nf3 Nc6 6. a3 Bd7 7. b4 cxb4 8. cxb4 f6
9. Be3 Nge7 10. Bd3 fxe5 11. dxe5 Qc7 12. O-O Nxe5 13. Bf4 Nxf3+ 14. Qxf3 e5
15. Qh5+ g6 16. Qxe5 Qxe5 17. Bxe5 Rg8 18. Nc3 Nc6 19. Rfe1 Be6 20. Bb5 Kf7 21.
Bg3 Bg7 22. Rac1 a5 23. Na4 axb4 24. axb4 Nd4 25. Rc7+ Kf6 26. Be5+ Kg5 27.
Bxd4 Bxd4 28. Rxe6 Rgf8 29. Re2 b6 30. g3 Rf3 31. Rd2 Be5 32. Rxd5 Kf5 33. Rf7+
Ke6 34. Rxf3 Kxd5 35. Nxb6+ 1-0

[Event "Interclubs Jeunes"]
[Site "Villepinte"]
[Date "21/12/2009"]
[Round "7.4"]
[White "Wassen, Antoine"]
[Black "Pruvot, Louis"]
[Result "0-1"]
[WhiteElo "1668"]
[BlackElo "1881"]
[WhiteTeam "Toulouse C.E."]
[BlackTeam "Créteil"]

1. d4 d5 2. c4 e6 3. Nc3 c6 4. Nf3 dxc4 5. e3 b5 6. a4 Bb4 7. Bd2 a5 8. Ne5 Bb7
9. Qf3 Qe7 10. Ne4 Bxd2+ 11. Kxd2 Nf6 12. Nc5 Nd5 13. Qxf7+ Qxf7 14. Nxf7 Kxf7
15. Nxb7 Ke7 16. axb5 cxb5 17. Rxa5 Rxa5 18. Nxa5 Kd7 19. Nb7 Na6 20. e4 Ne7
21. Be2 Kc7 22. Nc5 Nxc5 23. dxc5 Kc6 24. Ra1 Rd8+ 25. Kc2 Kxc5 26. Rd1 Rxd1
27. Bxd1 Kd4 28. Bf3 Nc6 29. Kd2 Ne5 30. Be2 Kxe4 31. Kc3 Nd3 32. b3 Nxf2 33.
bxc4 bxc4 34. Bxc4 e5 35. Kd2 h6 36. Ke2 Ng4 37. h3 Nf6 38. Ba6 Kf4 39. Bb7 Kg3
40. Kf1 h5 41. Ke2 h4 42. Kf1 Nh5 43. Ke2 Kf4 44. Kf2 Ng3 45. Ba6 e4 46. Bb5
e3+ 47. Ke1 Nf5 48. Ba6 Nd4 49. Bc4 Kg3 50. Bd5 g5 51. Bb7 Ne6 52. Bf3 Nf4 53.
Kf1 e2+ 54. Bxe2 Nxe2 55. Kxe2 Kxg2 56. Ke1 Kxh3 57. Kf2 g4 58. Kg1 Kg3 0-1

[Event "Interclubs Jeunes"]
[Site "Villepinte"]
[Date "21/12/2009"]
[Round "7.5"]
[White "Mohammad, Fahim"]
[Black "Jouanneau, Gatien"]
[Result "1-0"]
[WhiteElo "1832"]
[BlackElo "1590"]
[WhiteTeam "Créteil"]
[BlackTeam "Toulouse C.E."]

1. d4 d5 2. c4 dxc4 3. Nf3 Nf6 4. Nc3 Bf5 5. e3 e6 6. Bxc4 Bd6 7. O-O O-O 8.
Re1 Bg4 9. h3 Bh5 10. e4 Be7 11. Bg5 Nc6 12. e5 Nd7 13. Bxe7 Qxe7 14. Ne4 Bxf3
15. gxf3 Qb4 16. b3 b5 17. a3 Qa5 18. Be2 Qb6 19. f4 Nxd4 20. Bxb5 Qxb5 21.
Qxd4 Rfd8 22. Qc3 c6 23. Red1 Nb6 24. Nd6 Nd5 25. Nxb5 Nxc3 26. Nxc3 h6 27.
Rxd8+ Rxd8 28. Rd1 Rb8 29. b4 Kh7 30. Rd7 a5 31. Rd4 Kg6 32. bxa5 Rb3 33. Na4
Rxa3 34. a6 c5 35. Rc4 Rd3 36. a7 Rd8 37. Nb6 Rd1+ 38. Kg2 Rb1 39. a8=Q Rxb6
40. Qe4+ f5 41. exf6+ Kf7 42. fxg7 Kxg7 43. Qe5+ Kh7 44. Rxc5 Rb7 45. Qxe6 Rg7+
46. Kf3 Rg6 47. Rc7+ 1-0

[Event "Interclubs Jeunes"]
[Site "Villepinte"]
[Date "21/12/2009"]
[Round "7.6"]
[White "Bertrand, Marin"]
[Black "Guerlach, Keigo"]
[Result "0-1"]
[WhiteElo "1530"]
[BlackElo "1640"]
[WhiteTeam "Toulouse C.E."]
[BlackTeam "Créteil"]

1. e4 e5 2. Nf3 Nf6 3. Nxe5 d6 4. Nf3 Nxe4 5. d4 d5 6. Bf4 Nc6 7. Bb5 Bd7 8.
O-O Be7 9. Nbd2 O-O 10. Nxe4 dxe4 11. Bxc6 Bxc6 12. Ne5 Bd6 13. Re1 Bxe5 14.
Bxe5 Qd7 15. Qd2 a6 16. Qc3 Rac8 17. Rad1 Bd5 18. a3 Qc6 19. Qxc6 bxc6 20. Re3
f6 21. Bg3 h6 22. Rc1 f5 23. Be5 Rfe8 24. c4 Bf7 25. Rg3 g5 26. f4 g4 27. h3 h5
28. h4 Rcd8 29. Kf2 Kh7 30. Ke3 Rd7 31. b4 Kg6 32. Ke2 Red8 33. Ke3 Re8 34. Ke2
Kh7 35. Ke3 Kg8 36. Ke2 Kf8 37. Ke3 Ke7 38. Kd2 Kd8 39. Kc3 Kc8 40. a4 Kb7 41.
a5 Rb8 42. c5 Kc8 43. Rb1 Kd8 44. Kd2 Bc4 45. Rc3 Bd3 46. g3 Bxb1 0-1

[Event "TopJP2GB,Sautron-St-Mandé"]
[Site "?"]
[Date "2009.12.19"]
[Round "4"]
[White "Barbot, Pierre"]
[Black "Sochacki, Christophe"]
[Result "0-1"]
[WhiteElo "2072"]
[BlackElo "2319"]
[PlyCount "66"]
[EventDate "2009.12.20"]
[SourceDate "2009.12.20"]

1. e4 c5 2. Nf3 d6 3. d4 cxd4 4. Nxd4 Nf6 5. Nc3 g6 6. Be3 Bg7 7. f3 O-O 8. Qd2
Nc6 9. Bc4 Bd7 10. O-O-O Rb8 11. Bb3 Na5 12. Bh6 b5 13. h4 Bxh6 14. Qxh6 e5 15.
Nde2 b4 16. Nd5 Nxb3+ 17. axb3 Nxd5 18. Rxd5 Rb6 19. h5 g5 20. f4 Bg4 21. Nd4
gxf4 22. g3 fxg3 23. Nf5 Bxf5 24. exf5 Kh8 25. f6 Rg8 26. Rg1 Ra6 27. Kb1 Qb6
28. Rg2 Ra5 29. Rd3 Qa6 30. c4 Ra1+ 31. Kc2 Qa2 32. Rdxg3 Qb1+ 33. Kd2 Qe1+ 0-1

[Event "TopJP2GB,Sautron-St-Mandé"]
[Site "?"]
[Date "2009.12.19"]
[Round "4"]
[White "Brunier, Jules"]
[Black "Hallope, Arnaud"]
[Result "1-0"]
[WhiteElo "2004"]
[BlackElo "1853"]
[PlyCount "67"]
[EventDate "2009.12.20"]
[SourceDate "2009.12.20"]

1. e4 c6 2. Nf3 d5 3. Nc3 Bg4 4. h3 Bxf3 5. Qxf3 e6 6. d3 Nf6 7. g3 Nbd7 8. Bg2
Be7 9. O-O O-O 10. Qe2 Nc5 11. f4 Qb6 12. Kh1 dxe4 13. dxe4 Rad8 14. Rb1 Rd7
15. Be3 Qc7 16. b4 Na6 17. b5 Nc5 18. Qc4 b6 19. bxc6 Qxc6 20. e5 Nd5 21. Nxd5
exd5 22. f5 Qc7 23. Qd4 Ne4 24. Bf4 Bc5 25. Qd3 Qc6 26. Rbd1 Nf2+ 27. Rxf2 Bxf2
28. Bxd5 Rxd5 29. Qxd5 Qxc2 30. e6 fxe6 31. fxe6 Qf5 32. Qxf5 Rxf5 33. Rd8+ Rf8
34. e7 1-0

[Event "TopJP2GB,Sautron-St-Mandé"]
[Site "?"]
[Date "2009.12.19"]
[Round "4"]
[White "Bapst, Valentin"]
[Black "Bayart, Jules"]
[Result "0-1"]
[WhiteElo "1778"]
[BlackElo "1835"]
[PlyCount "70"]
[EventDate "2009.12.20"]
[SourceDate "2009.12.20"]

1. e4 e6 2. d4 d5 3. Nc3 Nf6 4. Bg5 dxe4 5. Nxe4 Be7 6. Bxf6 gxf6 7. Nf3 b6 8.
g3 Bb7 9. Qe2 Nd7 10. Bg2 c6 11. O-O-O Qc7 12. Kb1 O-O-O 13. c4 Kb8 14. Nc3
Rhe8 15. Qc2 f5 16. Rhe1 Bf6 17. Ng1 Nf8 18. Nge2 Ng6 19. d5 Ne5 20. Qa4 a6 21.
Nd4 b5 22. cxb5 cxb5 23. Qb3 Nc4 24. Nde2 Qc5 25. Nf4 e5 26. Nd3 Qd6 27. a4 Rc8
28. axb5 Qb6 29. Bh3 e4 30. Nf4 Na5 31. Qa3 Bxc3 32. bxc3 Qxb5+ 33. Kc2 Nc4 34.
Qa2 Qc5 35. Re2 Na3+ 0-1

[Event "TopJP2GB,Sautron-St-Mandé"]
[Site "?"]
[Date "2009.12.19"]
[Round "4"]
[White "Dumas, Charles"]
[Black "Le Pen, Steven"]
[Result "1/2-1/2"]
[WhiteElo "1783"]
[BlackElo "1764"]
[PlyCount "122"]
[EventDate "2009.12.20"]
[SourceDate "2009.12.20"]

1. e4 c5 2. c3 Nf6 3. e5 Nd5 4. d4 cxd4 5. Nf3 Nc6 6. cxd4 d6 7. Bc4 Nb6 8. Bb5
Bd7 9. exd6 exd6 10. O-O d5 11. Re1+ Be7 12. Bg5 f6 13. Bf4 O-O 14. Nc3 a6 15.
Bxc6 Bxc6 16. Qe2 Re8 17. Qe6+ Kf8 18. Qh3 Kg8 19. Qg3 Qd7 20. Rac1 Nc4 21. b3
Nd6 22. Rxe7 Rxe7 23. Bxd6 Re6 24. Bc5 b5 25. b4 Rae8 26. h3 Qf7 27. Qf4 Qg6
28. Qd2 Qf7 29. Re1 Rxe1+ 30. Nxe1 Qg6 31. Nf3 Qf5 32. Qd1 g5 33. Qb1 Qxb1+ 34.
Nxb1 Ra8 35. Kf1 a5 36. a3 axb4 37. Bxb4 Rd8 38. Nc3 Kf7 39. Ne2 Kg6 40. Ke1 h5
41. Kd2 Bd7 42. Nc3 Bc6 43. Ng1 h4 44. Nge2 Kh5 45. Nc1 Ba8 46. Nxb5 g4 47.
hxg4+ Kxg4 48. Nc7 Rc8 49. Nxa8 Rxa8 50. Na2 f5 51. Nc3 Rd8 52. a4 f4 53. a5 f3
54. gxf3+ Kxf3 55. Be7 Rh8 56. Bxh4 Rxh4 57. Kd3 Rh6 58. Nxd5 Ra6 59. Nb4 Rxa5
60. d5 Rxd5+ 61. Nxd5 Kxf2 1/2-1/2

[Event "TopJP2GB,Sautron-St-Mandé"]
[Site "?"]
[Date "2009.12.19"]
[Round "4"]
[White "Touam, Yannis"]
[Black "Rodriguez, Adrien"]
[Result "0-1"]
[WhiteElo "1500"]
[BlackElo "1813"]
[PlyCount "66"]
[EventDate "2009.12.20"]
[SourceDate "2009.12.22"]

1. e4 c5 2. Nf3 d6 3. d4 cxd4 4. Nxd4 Nf6 5. Nc3 Nc6 6. Nb3 e5 7. Bg5 Be7 8.
Qf3 a5 9. Bb5 O-O 10. O-O h6 11. Be3 Ng4 12. Nd5 Nxe3 13. Nxe7+ Nxe7 14. Qxe3
a4 15. Nd2 f5 16. Bc4+ Kh8 17. f4 fxe4 18. fxe5 d5 19. Be2 Nf5 20. Qf4 Qb6+ 21.
Kh1 Be6 22. b3 Ne3 23. Qxf8+ Rxf8 24. Rxf8+ Kh7 25. Re8 Qd4 26. Rg1 Qxd2 27.
Bb5 Ng4 28. h3 Nf2+ 29. Kh2 Qf4+ 30. g3 Qf5 31. Bf1 e3 32. Rg2 Qxh3+ 33. Kg1
Qh1# 0-1

[Event "TopJP2GB,Sautron-St-Mandé"]
[Site "?"]
[Date "2009.12.19"]
[Round "4"]
[White "Fraval, Julie"]
[Black "Eugene, Floryan"]
[Result "0-1"]
[WhiteElo "1760"]
[BlackElo "1730"]
[PlyCount "52"]
[EventDate "2009.12.20"]
[SourceDate "2009.12.22"]

1. e4 e5 2. d4 exd4 3. Qxd4 Nc6 4. Qe3 d6 5. Nc3 Nf6 6. Bd2 Be7 7. O-O-O O-O 8.
Be2 Be6 9. Qg3 Ne5 10. f4 Nc4 11. e5 Nd7 12. f5 Nxd2 13. fxe6 fxe6 14. h4 Nxe5
15. Rxd2 Ng6 16. Nf3 d5 17. Ng5 Nf4 18. Rf1 Nxe2+ 19. Rxe2 Rxf1+ 20. Nd1 Bd6
21. Qg4 Bf4+ 22. Rd2 Bxd2+ 23. Kxd2 Qf6 24. Nf3 Qg6 25. Qh3 Qe4 26. Ne3 Rf2+
0-1

[Event "TopJP2GB,Sautron-St-Mandé"]
[Site "?"]
[Date "2009.12.19"]
[Round "4"]
[White "Trouvé, Guillaume"]
[Black "Lachkar, Dan"]
[Result "1-0"]
[WhiteElo "1724"]
[BlackElo "1260"]
[PlyCount "115"]
[EventDate "2009.12.20"]
[SourceDate "2009.12.22"]

1. e4 c6 2. d4 d5 3. Nc3 dxe4 4. Nxe4 Bf5 5. Ng3 Bg6 6. h4 h6 7. Nf3 Nf6 8. Ne5
Bh7 9. Bd3 Qxd4 10. Nf3 Qd6 11. Bxh7 Qxd1+ 12. Kxd1 Rxh7 13. Bd2 Ng4 14. Ke2
Nd7 15. Rad1 O-O-O 16. Ba5 b6 17. Bc3 e6 18. Rd4 f5 19. Rhd1 Bc5 20. Ra4 Nxf2
21. Rd2 Ne4 22. Nxe4 fxe4 23. Rxe4 Re8 24. Nd4 Bxd4 25. Rexd4 g5 26. h5 c5 27.
Ra4 a5 28. a3 Kc7 29. b4 b5 30. Rxa5 cxb4 31. axb4 Rb8 32. Ra7+ Rb7 33. Ra5 Nb6
34. Be5+ Kc8 35. Rxb5 Nc4 36. Rc5+ Rbc7 37. Bxc7 Rxc7 38. Rxc7+ Kxc7 39. Rd4
Nd6 40. Kd3 Nf5 41. Re4 Kd6 42. c4 Ne7 43. b5 Nc8 44. Kc3 Nb6 45. Kb4 Nd7 46.
Rd4+ Kc7 47. c5 e5 48. Rd6 e4 49. Re6 Kb7 50. c6+ Kc7 51. cxd7 Kxd7 52. Rxe4
Kc7 53. Kc5 Kb7 54. Re6 Ka7 55. Re7+ Kb8 56. Kc6 Ka8 57. b6 Kb8 58. Re8# 1-0